<?xml version="1.0" encoding="UTF-8"?>
<record
    xmlns:xsi="http://www.w3.org/2001/XMLSchema-instance"
    xsi:schemaLocation="http://www.loc.gov/MARC21/slim http://www.loc.gov/standards/marcxml/schema/MARC21slim.xsd"
    xmlns="http://www.loc.gov/MARC21/slim">

  <leader>01412nam a2200241   4500</leader>
  <controlfield tag="001">ESSALUD</controlfield>
  <controlfield tag="007">ta</controlfield>
  <controlfield tag="008">      t2024    sp ||||| |||| 00| 0 spa d</controlfield>
  <datafield tag="040" ind1=" " ind2=" ">
    <subfield code="a">BMG</subfield>
  </datafield>
  <datafield tag="041" ind1=" " ind2=" ">
    <subfield code="a">spa</subfield>
  </datafield>
  <datafield tag="100" ind1=" " ind2=" ">
    <subfield code="a">Medina de Alba, L.</subfield>
    <subfield code="e">autor</subfield>
    <subfield code="9">48332</subfield>
  </datafield>
  <datafield tag="245" ind1=" " ind2=" ">
    <subfield code="a">Protocolo diagn&#xF3;stico de las poliglobulias</subfield>
  </datafield>
  <datafield tag="300" ind1=" " ind2=" ">
    <subfield code="a">p&#xE1;ginas 1266-1269</subfield>
  </datafield>
  <datafield tag="520" ind1=" " ind2=" ">
    <subfield code="a">La poliglobulia o eritrocitosis es el aumento de hemoglobina o masa eritrocitaria. Se considera aumento presentar m&#xE1;s de 16,5g/dl de hemoglobina en varones y m&#xE1;s de 16g/dl en mujeres. La eritropoyetina producida a nivel renal es la encargada de regular la eritropoyesis. La policitemia vera es la eritrocitosis primaria o independiente de eritropoyetina m&#xE1;s destacada; las eritrocitosis secundarias o dependientes de eritropoyetina son debidas a m&#xFA;ltiples causas. El diagn&#xF3;stico etiol&#xF3;gico de la poliglobulia es fundamental para el tratamiento y seguimiento de estos pacientes.</subfield>
  </datafield>
  <datafield tag="650" ind1=" " ind2=" ">
    <subfield code="a">POLICITEMIA</subfield>
    <subfield code="9">40258</subfield>
  </datafield>
  <datafield tag="650" ind1=" " ind2=" ">
    <subfield code="a">ERITROPOYETINA</subfield>
    <subfield code="9">48333</subfield>
  </datafield>
  <datafield tag="653" ind1=" " ind2=" ">
    <subfield code="a">POLIGLOBULIA</subfield>
  </datafield>
  <datafield tag="700" ind1=" " ind2=" ">
    <subfield code="a">Carre&#xF1;o G&#xF3;mez-Tarragona, G.</subfield>
    <subfield code="e">autor</subfield>
    <subfield code="9">48334</subfield>
  </datafield>
  <datafield tag="700" ind1=" " ind2=" ">
    <subfield code="a">Mas Bab&#xED;o, R.</subfield>
    <subfield code="e">autor</subfield>
    <subfield code="9">48335</subfield>
  </datafield>
  <datafield tag="700" ind1=" " ind2=" ">
    <subfield code="a">Mart&#xED;nez L&#xF3;pez, J.</subfield>
    <subfield code="e">autor</subfield>
    <subfield code="9">40284</subfield>
  </datafield>
  <datafield tag="773" ind1="0" ind2=" ">
    <subfield code="0">15325</subfield>
    <subfield code="9">21712</subfield>
    <subfield code="d">Barcelona Elsevier</subfield>
    <subfield code="o">MED136</subfield>
    <subfield code="t">Medicine: Programa sistem&#xE1;tico de actualizaci&#xF3;n en medicina y protocolos de pr&#xE1;ctica cl&#xED;nica</subfield>
    <subfield code="w">(ESSALUD)ESSALUD</subfield>
    <subfield code="x">0304-5412</subfield>
  </datafield>
  <datafield tag="942" ind1=" " ind2=" ">
    <subfield code="c">ARTICULOS</subfield>
    <subfield code="e">2024-12-13</subfield>
    <subfield code="z">AFC</subfield>
  </datafield>
  <datafield tag="999" ind1=" " ind2=" ">
    <subfield code="c">20913</subfield>
    <subfield code="d">20913</subfield>
  </datafield>
</record>
